000 00316 a2200145 4500
001 151392
040 _cEscola São Tomás de Aquino
100 _aBORGES, Rogério
240 1 0 _aLá é aqui
_lpor
245 1 0 _aLá é aqui
362 0 _a2008
440 1 _aPositivo
697 _a*LITERATURA INFANTO
942 _cBK
999 _c151392
_d151392